000 00319nam a2200145Ia 4500
008 090122s9999 xx 000 0 und d
082 _b5966
_a823
100 _aDavies
_bAlwyan
245 _aThe Practice
600 _aDavies
630 _aThe Practice
700 _aDavies
730 _aThe Practice
942 _cBOOK
999 _c30043
_d30043